| 000 | 00812naa a22002537a 4500 | ||
|---|---|---|---|
| 001 | BR8803013 | ||
| 003 | BR-BrBNA | ||
| 005 | 20240918180019.0 | ||
| 007 | ta | ||
| 008 | 230509b bl.||||| |||| 00| 0 por d | ||
| 040 |
_aBR-BrBNA _bpor _cBiblioteca Nacional de Agricultura |
||
| 041 | _a(Pt) | ||
| 072 |
_aF07 _b0230 |
||
| 090 | _aF07 BR8803013 | ||
| 100 | 1 | _aFreitas, R. de | |
| 245 | 1 | _aPreparo do solo | |
| 260 | 3 |
_aCampinas, SP (Brasil): _c1987. |
|
| 500 | _aCana-de-acucar cultivo e utilizacao. v. 1 Campinas, SP (Brasil): 1987. p. 271-283 (BR8803013-AM)F07 | ||
| 650 | _aCANA DE ACUCAR | ||
| 650 | _aCULTIVO DO SOLO | ||
| 773 | 0 |
_tCana-de-acucar cultivo e utilizacao. v. 1 _wF07 BR8803013 _gCampinas, SP (Brasil), 1987. p. 271-283 |
|
| 909 |
_a202404 _bLucia _c55 _dLucia Elande |
||
| 942 |
_cAM _2AGRIS |
||
| 999 |
_c319203 _d319203 |
||